Radio receiver design (Record no. 49460)

MARC details
000 -LEADER
fixed length control field 00626nam a2200205Ia 4500
008 - FIXED-LENGTH DATA ELEMENTS--GENERAL INFORMATION
fixed length control field 191130s1998##################000#0#eng##
020 ## - INTERNATIONAL STANDARD BOOK NUMBER
International Standard Book Number 9780824701611
022 ## - INTERNATIONAL STANDARD SERIAL NUMBER
International Standard Serial Number 98029981
040 ## - CATALOGING SOURCE
Original cataloging agency ACL
Transcribing agency ACL
082 ## - DEWEY DECIMAL CLASSIFICATION NUMBER
Classification number 621.38418 DIX
100 ## - MAIN ENTRY--PERSONAL NAME
Personal name Dixon, Robert C
245 ## - TITLE STATEMENT
Title Radio receiver design
Statement of responsibility, etc. Robert C. Dixon
260 ## - PUBLICATION, DISTRIBUTION, ETC.
Place of publication, distribution, etc. New York
Name of publisher, distributor, etc. Marcel Dekker
Date of publication, distribution, etc. 1998
300 ## - PHYSICAL DESCRIPTION
Extent viii, 474 p. : ill. ; 23 cm
500 ## - GENERAL NOTE
General note Includes bibliographical references and index
650 ## - SUBJECT ADDED ENTRY--TOPICAL TERM
Topical term or geographic name entry element Radio - Receivers and reception - Design and construction
990 ## - EQUIVALENCES OR CROSS-REFERENCES [LOCAL, CANADA]
Link information for 9XX fields 5ccb1b64ac10000c3b6bc52086ae9a60
991 ## -
-- 175197
Holdings
Withdrawn status Lost status Materials specified (bound volume or other part) Damaged status Not for loan Home library Current library Shelving location Date acquired Total Checkouts Full call number Barcode Date last seen Price effective from Koha item type
    hbk     Anna Centenary Library Anna Centenary Library 6TH FLOOR, A WING 09.10.2020   621.38418 DIX 181338 09.02.2026 09.10.2020 English Books

Find us on the map